The Nothing that Is : A Natural History of Zero /

Guardado en:
Bibliografiske detaljer
Hovedforfatter: Kaplan, Robert (autor)
Format: Bog
Sprog:engelsk
Udgivet: Nueva York, EUA : Oxford University, 2000, c1999
Tags: Tilføj Tag
Ingen Tags, Vær først til at tagge denne postø!

MARC

LEADER 00000nam^a2200000^a^4500
001 000580299
005 20250521000000.0
009 20260310132546.467
020 |a 0-19-512842-7 
037 |a Acervo ITESO - Biblioteca 
041 |a ING 
091 |a FLG. 00811 
100 |a Kaplan, Robert  |e (autor) 
245 1 4 |a The Nothing that Is :  |b A Natural History of Zero / 
264 4 |a Nueva York, EUA :  |b Oxford University,  |c 2000, c1999 
300 |a XII, 225 p. 
336 |a texto  |b txt  |2 rdacontenido 
337 |a sin mediación  |b n  |2 rdamedio 
338 |a volumen  |b nc  |2 rdasoporte 
649 |a XX 
910 |a Fondo Luis González de Alba 
920 |a Impresos - Libros 
930 |a Fondos Especiales 
905 |a 141 
901 |a 0500396923  |b IT2  |c ESP  |i D103723  |u 20250521 
902 |a https://opac.biblio.iteso.mx/vufind/Record/000580299